000 00672nam a2200253Ia 4500
003 OSt
005 20221006143912.0
006 a|||||r|||| 00| 0
007 ta
008 221006b |||||||| |||| 00| 0 eng d
020 _c161.19
024 _a10,353
037 _cTextual
040 _aEASL
_cEASL
_beng
041 _2eng
_aeng
082 _aW.4.N7, L7
100 _aYU George T Ed.
_9444095
245 0 _aIntra-Asian international relations
260 _aBoulder
_bWestview Press
_c1977
300 _a172p.
_ccm.
490 _v Oth
_aWestview special studies
942 _hW.4.N7, L7
_cTEXL
_2CC
999 _c1078439
_d1078439